Famous People Named Charles - Statistics

General Stats
  • This quiz has been taken 52,411 times
    19,973 since last reset
  • The average score is 10 of 18
Answer Stats
Famous Charles Clue % Correct
He proposed the theory of evolution Charles Darwin
95%
Silent film star Charlie Chaplin
95%
Camilla's husband King Charles III
83%
Author of "A Tale of Two Cities" Charles Dickens
80%
President of France from 1959–1969 Charles de Gaulle
71%
Californian cult leader whose "family" murdered nine people Charles Manson
71%
Actor whose famous family includes father Martin and brother Emilio Charlie Sheen
59%
King of the Franks, 768–814 Charlemagne
57%
First person to fly solo from New York to Paris Charles Lindbergh
56%
Pyramid schemes are named for him Charles Ponzi
46%
The tears of this martial artist cure cancer. Too bad he has never cried. Chuck Norris
46%
Creator of the "Peanuts" comic strip Charles Schulz
43%
Tire company namesake who invented vulcanized rubber Charles Goodyear
42%
1950s rock singer who sang "Roll Over Beethoven" Chuck Berry
42%
Pilot who broke the sound barrier Chuck Yeager
34%
1920s bodybuilder with the name of a Greek titan Charles Atlas
33%
Monaco-born Formula One driver for Ferrari Charles Leclerc
32%
Drummer for the Rolling Stones who died in 2021 Charlie Watts
27%
No matching quizzes found
Score Distribution
Percent of People with Each Score
Percentile by Number Answered
Your Score History
You have not taken this quiz since the last reset